00994nam a2200277 i 4500003000900000005001700009007000300026008004100029040003000070041000800100082001700108100004600125245005800171264005800229300002800287336002700315337003400342338002800376500006300404504003700467590002600504910001500530942001400545952014000559999001700699DO-SdBNP20260417143147.0ta260417b200? dr ||||| |||| 00| 0 spa d aDO-SdBNPbspacBNPHUerda aspa 4axxxbxxx222 aLuna, Vicente,d1952-eautor4aut.96575010aHistoria política y social de Cotui /cVicente Luna 1aSanto Domingo :bImpresora del Nordeste, S.A.,c200?. a193 páginas ;c21 cm. atextobtxt2rdacontent asin mediación bn2rdamedia avolumenbnc2rdacarrier aIncluye datos biográficos del autor en la contracubierta aBibliografía: página 191-193 aInventariado, 2026/BT aBtavárez 2ddccLBS1 00102ddc51708PDaBNPHUbBNPHUcCTd2026-04-17eDonado por Maribel Sánchezl0o BNPHU PD p2026-2842r2026-04-17w2026-04-17yLBS1 c60577d60577